000 00686nam a2200217 a 4500
005 20231021063619.0
008 020923s19901989mx r 000 0 spa d
020 _a842810722X
035 _aUPN01000119487
049 _aCG
050 4 _aLB1049
_bM3.28 1989
100 1 _aMaddox, Harry
245 1 0 _aComo estudiar /
_cHarry Maddox ; tr. y adaptación de la nueva ed. revisada de M. Dolores Bordas.
250 _a10 ed. rev. y ampliada
260 _aBarcelona, Esp. :
_bOikos - Tau,
_c1990, c1989.
300 _a332 p. :
_egráfs.
440 0 _aOikos-bolsillo ;
_v8
534 _pTítulo original en inglés:
_tHow to study
650 4 _aMétodos de estudio
_94280
905 _aLibro
999 _c91841
_d91841